000 00747nam a2200265Ia 4500
003 OSt
005 20221006154741.0
006 a|||||r|||| 00| 0
007 ta
008 221006b |||||||| |||| 00| 0 eng d
020 _a4901213016
_c¥2200
024 _a39,193
037 _cTextual
040 _aEASL
_cEASL
_beng
041 _2eng
_aeng
082 _aX:321.42.N9, N9
100 _aSeiji Tsutsumi
_9667322
245 0 _aJapan' consumar society
_b a critical introduction
260 _aTokyo
_bARC Pub
_c1999
300 _a203p.
_ccm.
490 _v JEL
700 _a Uleman Frederick M Tr.
_9667323
942 _hX:321.42.N9, N9
_cTEXL
_2CC
999 _c1107279
_d1107279